000 00292nam a2200121Ia 4500
008 211105s9999 xx 000 0 und d
020 _aVYASA03818
100 _aMohsin S. M.
245 0 _aElementary Psychology
250 _a\N
260 _bMotilal Banarsidass Publishers
_c\N
300 _a228p.
999 _c6789
_d6789